Явление многокомпонентности терминов сферы нефтехимии на примере русского и английского языков; Международный журнал гуманитарных и естественных наук; № 2

Détails bibliographiques
Parent link:Международный журнал гуманитарных и естественных наук.— , 2016-
№ 2.— 2017.— [С. 58-62]
Auteur principal: Исаева Е. В. Евгения Владимировна
Collectivité auteur: Национальный исследовательский Томский политехнический университет (ТПУ) Институт электронного обучения (ИнЭО) Кафедра технологий и педагогики электронного обучения (ТПЭО)
Autres auteurs: Кузякова Д. С. Дарья Сергеевна
Résumé:Заглавие с экрана
Статья посвящена исследованию такого явления в терминологии, как многокомпонентный термин. В статье рассматриваются различные точки зрения на проблему многокомпонентности, уточняется роль многокомпонентных терминов в формировании терминосистемы отрасли нефтехимии. В работе изучается структура и компонентный состав многокомпонентных терминов, выявляются наиболее распространённые формы, по которым образуются многокомпонентные термины.
The article investigates such phenomenon of terminology as multi-term. The article deals with different perspectives on the problem of multi-component, specifies the role of multicomponent terms in the formation of the terminological petrochemical industry. This research demonstrates the structure and composition of the multi-component terms, identifies the most common forms, on which the multi-terms are formed.
Режим доступа: по договору с организацией-держателем ресурса
Langue:russe
Publié: 2017
Collection:Филологические науки
Sujets:
Accès en ligne:https://elibrary.ru/item.asp?id=28432589
http://intjournal.ru/wp-content/uploads/2017/03/Mezhdunarodnyj-ZHurnal-2.pdf#page=59
Format: Électronique Chapitre de livre
KOHA link:https://koha.lib.tpu.ru/cgi-bin/koha/opac-detail.pl?biblionumber=654804

MARC

LEADER 00000naa0a2200000 4500
001 654804
005 20250313134409.0
035 |a (RuTPU)RU\TPU\network\20491 
090 |a 654804 
100 |a 20170523d2017 k||y0rusy50 ca 
101 0 |a rus 
102 |a RU 
135 |a drcn ---uucaa 
181 0 |a i  
182 0 |a b 
200 1 |a Явление многокомпонентности терминов сферы нефтехимии на примере русского и английского языков  |d The phenomenon of multicomponent terms of the petrochemicals sphere based on the Russian and English language examples  |f Е. В. Исаева, Д. С. Кузякова 
203 |a Текст  |c электронный 
225 1 |a Филологические науки 
300 |a Заглавие с экрана 
320 |a [Библиогр.: 25 назв.] 
330 |a Статья посвящена исследованию такого явления в терминологии, как многокомпонентный термин. В статье рассматриваются различные точки зрения на проблему многокомпонентности, уточняется роль многокомпонентных терминов в формировании терминосистемы отрасли нефтехимии. В работе изучается структура и компонентный состав многокомпонентных терминов, выявляются наиболее распространённые формы, по которым образуются многокомпонентные термины. 
330 |a The article investigates such phenomenon of terminology as multi-term. The article deals with different perspectives on the problem of multi-component, specifies the role of multicomponent terms in the formation of the terminological petrochemical industry. This research demonstrates the structure and composition of the multi-component terms, identifies the most common forms, on which the multi-terms are formed. 
333 |a Режим доступа: по договору с организацией-держателем ресурса 
461 |t Международный журнал гуманитарных и естественных наук  |d 2016- 
463 |t № 2  |v [С. 58-62]  |d 2017 
510 1 |a The phenomenon of multicomponent terms of the petrochemicals sphere based on the Russian and English language examples  |z eng 
610 1 |a электронный ресурс 
610 1 |a труды учёных ТПУ 
610 1 |a природопользование 
610 1 |a омонимия 
610 1 |a терминология 
610 1 |a омонимы 
700 1 |a Исаева  |b Е. В.  |c лингвист  |c доцент Томского политехнического университета, кандидат филологических наук  |f 1974-  |g Евгения Владимировна  |3 (RuTPU)RU\TPU\pers\33145  |9 16966 
701 1 |a Кузякова  |b Д. С.  |g Дарья Сергеевна 
712 0 2 |a Национальный исследовательский Томский политехнический университет (ТПУ)  |b Институт электронного обучения (ИнЭО)  |b Кафедра технологий и педагогики электронного обучения (ТПЭО)  |3 (RuTPU)RU\TPU\col\20233 
801 2 |a RU  |b 63413507  |c 20170523  |g RCR 
856 4 |u https://elibrary.ru/item.asp?id=28432589 
856 4 |u http://intjournal.ru/wp-content/uploads/2017/03/Mezhdunarodnyj-ZHurnal-2.pdf#page=59 
942 |c CF